Paesi di confine - Statistics

Statistiche generali
  • Questo quiz è stato fatto 147 volte
  • Il punteggio medio è 34 su 40
Statistiche sulle risposte
Hint Risposta % Corretto
Finlandia Norvegia
96%
Finlandia Russia
96%
Finlandia Svezia
95%
Suriname Francia | Guiana
94%
Giordania Israele
94%
Suriname Brasile
93%
Bosnia ed Erzegovina Croazia
93%
Suriname Guyana
93%
Costa Rica Panama
93%
Vietnam Laos
92%
Indonesia Malesia
91%
Vietnam Cambogia
90%
Bangladesh India
90%
Vietnam Cina
89%
Costa Rica Nicaragua
89%
Bosnia ed Erzegovina Serbia
89%
Giordania Siria
89%
Botswana Sudafrica
89%
Giordania Arabia Saudita
88%
Kenya Somalia
88%
Kenya Tanzania
87%
Kenya Etiopia
85%
Belize Guatemala
85%
Bosnia ed Erzegovina Montenegro
85%
Bangladesh Birmania
84%
Giordania Iraq
84%
Botswana Zimbabwe
83%
Costa d'Avorio Ghana
82%
Botswana Namibia
82%
Indonesia Papua Nuova Guinea
82%
Kenya Uganda
79%
Belize Messico
77%
Costa d'Avorio Liberia
76%
Botswana Zambia
76%
Costa d'Avorio Burkina Faso
75%
Costa d'Avorio Guinea
73%
Indonesia Timor Est
73%
Costa d'Avorio Mali
70%
Kenya Sud Sudan
64%
Giordania Palestina | La Striscia di Gaza
58%
Nessun quiz corrispondente trovato
Distribuzione punteggi
Percentuale di utenti per punteggio
Percentile per numero di risposta
I tuoi punteggi nel tempo
Non hai fatto questo quiz